Countries with 4 Different Vowels Quiz Stats

Quiz Updated Oct 15, 2012

Challenge
Share
Tweet
Embed
Score 0/31 Timer 08:00
5 Plays Today
Vowels Country % Correct
aeiouUnited States of America
93.1%
eiouUnited Kingdom
86.8%
aeiouDemocratic Republic of the Congo
77.4%
aiouSouth Africa
72.1%
aeiuUnited Arab Emirates
68.1%
aeouSouth Korea
66.3%
eiouRepublic of the Congo
65.4%
aeioIndonesia
62.2%
aeiuCentral African Republic
60.3%
aeiuUzbekistan
59.1%
aeiuTurkmenistan
58%
aeiuGuinea
56.9%
aeiuPapua New Guinea
56.2%
aeiouEquatorial Guinea
53.9%
aeiouDominican Republic
53.8%
aeioBosnia and Herzegovina
53.5%
Vowels Country % Correct
aeiuGuinea-Bissau
53%
aeiouMozambique
49.1%
aeiuUkraine
44.9%
aeioEthiopia
43.7%
aeioSao Tome and Principe
40.9%
aeioMicronesia
40.2%
aeioMacedonia
39.6%
aiouBurkina Faso
36.4%
aeiuSuriname
33.2%
aeioSlovenia
32.9%
aeioSierra Leone
31.2%
aeouEcuador
31.1%
aeioSingapore
29.7%
aeioEstonia
28.8%
aeioGeorgia
27.7%

You're not logged in!

Compare scores with friends on all Sporcle quizzes.
Join for Free
OR
Log In

You Might Also Like...

Show Comments

Extras

Top Quizzes Today


Score Distribution

Your Account Isn't Verified!

In order to create a playlist on Sporcle, you need to verify the email address you used during registration. Go to your Sporcle Settings to finish the process.

Report this User

Report this user for behavior that violates our Community Guidelines.

Details: